Organic Chemistry Its Language and Its State of the Art /

Na minha lista:
Detalhes bibliográficos
Autor principal: Kisakurek, M.Volkan (Author)
Formato: Livro
Idioma:inglês
Publicado em: Basel : Verlag Helvetica Chimica Acta, 1993
Tags: Adicionar Tag
Sem tags, seja o primeiro a adicionar uma tag!

MARC

LEADER 00000nam a22000003a 4500
001 stu22849
005 20150617225746.2
008 941102s1993----sz------------------eng-d
020 |a 3-906390-03-9 
040 |a STU  |b slo 
041 0 |a eng 
044 |a sz 
080 |a 547.1 
100 1 |a Kisakurek, M.Volkan  |4 aut 
245 1 |a Organic Chemistry Its Language and Its State of the Art /  |c [aut.]Kisakurek,M.Volkan 
260 |a Basel :  |b Verlag Helvetica Chimica Acta,  |c 1993 
300 |a 196 s :  |b Obr.,tab.,lit 
996 |b C93043  |c C*93043  |l CCIV  |s P  |a 0  |w stu22849_0001